000 00820cab a2200241 4500
001 WB2810-21
008 090401t1992 xxu||||| |||| 00| 0 eng d
035 _a(Sirsi) u49693
041 _aeng
245 _aAssessment procedure for home energy labelling
260 _c1992
350 _a0
490 _aDoE News Release
_v(182) 2 March 1992 (2)
520 _aThe Government has launched a Standard Assessment Procedure (SAP) for comparing home energy labels. SAP, designed by the BRE, produces a standard energy rating on the scale of 1 to 100.
650 _aENERGY EFFICIENCY
650 _aENERGY RATING
650 _aHOME ENERGY LABELLING
650 _aMVM-STARPOINT
650 _aNATIONAL ENERGY FOUNDATION
690 _aENVIRONMENTAL AND LAND CONSULTANCY-ENERGY
942 _n0
948 _c04/03/1997
999 _c31111
_d31111